Govt. of
Madhya Pradesh

Gay N̜eck (Record no. 49692)

MARC details
000 -LEADER
fixed length control field 003620000a22001570004500
001 - CONTROL NUMBER
control field 000385
003 - CONTROL NUMBER IDENTIFIER
control field MACL
040 ## - CATALOGING SOURCE
Original cataloging agency MACL
090 ## - LOCALLY ASSIGNED LC-TYPE CALL NUMBER (OCLC); LOCAL CALL NUMBER (RLIN)
-- 385
-- 385
100 ## - MAIN ENTRY--PERSONAL NAME
Personal name Mukerji, Dhan Gopal
245 ## - TITLE STATEMENT
Title Gay N̜eck
Remainder of title The Story Of A Pigeon
Statement of responsibility, etc. Dhan Gopal Mukerji
260 ## - PUBLICATION, DISTRIBUTION, ETC. (IMPRINT)
Place of publication, distribution, etc. National Book Trust,
Date of publication, distribution, etc. 1998
350 ## - PRICE (NR) (BK AM CF MU VM SE) [OBSOLETE]
Price 20
650 ## - SUBJECT ADDED ENTRY--TOPICAL TERM
Topical term or geographic name as entry element Children Books
942 ## - ADDED ENTRY ELEMENTS (KOHA)
Call number prefix 742
Koha item type Library Membar

No items available.